|
|
|
|
| LEADER |
00000naa a2200000uu 4500 |
| 001 |
vtls011088443 |
| 003 |
SK-MaSNL |
| 005 |
20260302105748.0 |
| 008 |
210905|1997 xo |||||||||||||||||eng| |
| 015 |
|
|
|a SNBRA
|
| 035 |
|
|
|a (urnnbn)urn:nbn:sk:snk:ar-a0codn
|
| 035 |
|
|
|a (uuid)60f8cbe5-a3ba-4fe2-866f-c4fbaf44c7cd
|
| 035 |
|
|
|a urn:nbn:sk:snk-aavu6z
|
| 040 |
|
|
|a SNKBUCL
|b slo
|c SNKBUCL
|e AACR2
|
| 041 |
0 |
|
|a eng
|
| 044 |
|
|
|a xo
|c SK
|
| 100 |
1 |
|
|a Štefánik, Ján
|4 aut
|9 269321
|
| 245 |
1 |
0 |
|a APPROACHES TO FORMULATION AND IMPLEMETATION BUSINNESS STRATEGY
|c Ján Štefánik, Jana Králiková
|
| 700 |
1 |
|
|a Králiková, Jana
|4 aut
|9 437396
|
| 773 |
0 |
|
|t Nové trendy v strojárstve na prahu tretieho tisícročia
|d Košice : Štroffek, 1997
|g S. 265-268
|z 8088896002
|
| 958 |
|
|
|a OND
|
| 958 |
|
|
|a article12
|
| 958 |
|
|
|a chapter
|
| 999 |
|
|
|c 1240100
|d 1242030
|